000 00670nam a22002057a 4500
005 20151202092653.0
008 151202b mx||||| |||| 00| 0 spa d
020 _a9706333231
050 0 4 _aNX175
_bM37 2006
100 1 _aMartyniuk, Claudio Eduardo
245 1 0 _aSobre la norma del gusto, la normatividad del arte y la narración de la justicia /
_cClaudio Martyniuk
250 _a1a ed.
260 _aMéxico, D.F. :
_bCoyoacán,
_c2006
300 _a161 p. ;
_c21 cm.
490 0 _aFilosofía y Cultura Contemporánea,
_vNo. 26
650 7 _2Lemb
_aArtes
_xFilosofía
650 7 _2Lemb
_aEstética moderna
_ySiglo XX
650 4 _aUtopías
942 _2lcc
_cLIB
999 _c110051
_d110051